01322nam a2200241Ia 450000100060000000300090000600800410001504000130005604000130006904100130008210000190009510000290011424500300014324500370017325000110021026000090022126000140023026000490024430000410029350006830033465000320101765000310104911102IT-RoPAU130308s9999 xx 000 0 und d aIT-RoPAU cIT-RoPAU aITALIANO aCipriani Ivano gCodice Aut. SPICS: 8005 aFenomeno televisione (Il) bCorso superiore di Giornalismo-7 a1a ed. aROMA bAccademia c1978 [1° Ed.:1978 - Ed.Ling.Originale:1978] a"46 p. (prefazione: no ; testo: 46)" aIndustria Elettronica Evoluzione tecnologica Produzione e Informazione ruolo dell'informazione Informazione e forze produttive Informazione e Organizzazione Televisione in America le prime Trasmissioni televisive Trasmissioni in Contemporanea in Diretta registrazione magnetica Televisione e Società Televisione commerciale Servizio Pubblico Televisione in Urss e paesi Socialisti satellite e tv via cavo satelliti per la Comunicazione Catv Negli Stati Uniti ed Europa programmi Televisivi in Italia Rapporti con Cinema e Teatro Programmazione Decentramento Messaggio e Contraddizioni Organizzazione del Lavoro Televisione e Lavoro Giornalistico televisioni private Cronologia aREGIA DELLA STAMPA DI MASSA eCodice materia Spics: 6653